| Поле | Инд. | ПП | Название | Значение |
|---|---|---|---|---|
| Тип записи | a | |||
| Библиографический уровень | m | |||
| 001 | _ | Контрольный номер | BIBLIOCLUB\0000701020 | |
| 005 | _ | Дата корректировки | 20250915104052.0 | |
| 008 | Кодируемые данные | 240116j2022 RU y j j||| 000 0 rus u | ||
| 020 | a | ISBN | 978-5-9596-1875-9 | |
| 040 | a | Служба первич. каталог. | Директ-Медиа | |
| c | Служба, преобразующая запись | Директ-Медиа | ||
| 041 | a | Код языка текста | rus | |
| 044 | a | Код страны публикации | RU | |
| 080 | a | Индекс УДК | 94(47)(075.8) | |
| 084 | 2 | Источник индекса | rubbk | |
| a | Индекс другой классификации/Индекс ББК | 63.3(2)я73 | ||
| 100 | 1_ | a | Автор | Туфанов Е. В. |
| 4 | Код отношения | 070 | ||
| 245 | a | Заглавие | История России | |
| b | Продолж. заглавия | учебник | ||
| c | Ответственность | Е. В. Туфанов, И. Н. Карпенко; Ставропольский государственный аграрный университет | ||
| 260 | a | Место издания | Ставрополь | |
| b | Издательство | АГРУС | ||
| c | Дата издания | 2022 | ||
| 300 | a | Объем | 160 с. | |
| b | Иллюстрации/ тип воспроизводства | ил., табл. | ||
| 504 | a | Библиография | Библиогр. в кн | |
| 520 | a | Аннотация | Учебник по истории предназначен для формирования компетенций у студентов высших учебных заведений. Цель учебного издания – овладение и анализ фактической информации по основным историческим периодам; сущность, формы, функции исторического знания, место, смысл и назначение истории особенности и специфику возникновения и развития российского государства и его воздействия на ход общеисторического процесса, влияние мирового исторического процесса на складывание и совершенствование структуры российского государства, сочетание цивилизационного подхода и формационных характеристик в изучении истории. Студент должен усвоить, что история России является неотъемлемой частью всемирной истории.Для успешного изучения курса студенту необходимо располагать знаниями общеобразовательных дисциплин как гуманитарного, так и естественнонаучного цикла, уметь строить собственное отношение к окружающему миру и самому себе на основе элементарного обобщения.Адресуется историкам, социологам, политологам, экспертам в области военной истории и регионоведения. | |
| 538 | a | Прим. о системных особенностях | Режим доступа: электронная библиотечная система «Университетская библиотека ONLINE», требуется авторизация | |
| 653 | a | Ключевые слова | Учебник для высшей школы | |
| 700 | 1_ | a | Другие авторы | Карпенко И. Н. |
| 856 | 4_ | u | URL | https://biblioclub.ru/index.php?page=book&id=701020 |
| a | Имя сервера/домена | Режим доступа: электронная библиотечная система «Университетская библиотека ONLINE», требуется авторизация | ||
| z | Примечание для пользователя | Участвует в КО |